[Event "Copenhagen GM"]
[Site "Copenhagen"]
[Date "2014.03.27"]
[Round "3"]
[White "Rasmussen, Allan Stig"]
[Black "Aabling Thomsen, Jakob"]
[Result "1-0"]
[WhiteElo "2487"]
[BlackElo "2365"]
[PlyCount "91"]
[EventDate "2014.03.26"]
[EventType "tourn"]
[EventRounds "9"]
[EventCountry "DEN"]
[EventCategory "9"]
[SourceTitle "CBM 159 Extra"]
[Source "ChessBase"]
[SourceDate "2014.04.24"]

1. Nf3 g6 2. c4 Bg7 3. d4 Nf6 4. Nc3 d5 5. cxd5 Nxd5 6. Na4 Nf6 7. e3 O-O 8.
Be2 Nbd7 9. O-O b6 10. b4 c5 11. bxc5 bxc5 12. Rb1 cxd4 13. Nxd4 Nb6 14. Bf3
Ba6 15. Re1 Rc8 16. Nxb6 axb6 17. Ba3 Nd5 18. Nc6 Rxc6 19. Qxd5 Re6 20. Red1
Qb8 21. Bg4 Re5 22. Qc6 Bb7 23. Qxb6 Qa8 24. f4 Qxa3 25. fxe5 Be4 26. Rb2 Bxe5
27. Rf2 Kg7 28. Qb5 Bf6 29. Re2 Ra8 30. Bf3 Bxf3 31. gxf3 Ra5 32. Qb3 Qc5 33.
Rd3 Qh5 34. e4 Rb5 35. Qd1 Qh3 36. Rg2 Qh6 37. a4 Rc5 38. Rc2 Be5 39. Kh1 Ra5
40. Rd5 Rxd5 41. Qxd5 Qf4 42. Qd3 Qh4 43. Qf1 f5 44. Qf2 Qh3 45. exf5 Bxh2 46.
Qg2 1-0

[Event "Copenhagen GM"]
[Site "Copenhagen"]
[Date "2014.03.30"]
[Round "8"]
[White "Rasmussen, Allan Stig"]
[Black "Andersen, Mads"]
[Result "1/2-1/2"]
[WhiteElo "2487"]
[BlackElo "2497"]
[PlyCount "120"]
[EventDate "2014.03.26"]
[EventType "tourn"]
[EventRounds "9"]
[EventCountry "DEN"]
[EventCategory "9"]
[SourceTitle "CBM 159 Extra"]
[Source "ChessBase"]
[SourceDate "2014.04.24"]

1. d4 d5 2. c4 c6 3. Nf3 Nf6 4. Qb3 dxc4 5. Qxc4 Bf5 6. g3 e6 7. Bg2 Nbd7 8.
O-O Be7 9. e3 O-O 10. Rd1 Qb6 11. Nc3 Ne4 12. Ne1 Ndf6 13. f3 Nxc3 14. bxc3 e5
15. e4 Be6 16. Qa4 Rfd8 17. Be3 Qc7 18. Nd3 Nd7 19. f4 Nb6 20. Qc2 Nc4 21. Bf2
f6 22. Qe2 Bf7 23. h4 Bd6 24. dxe5 fxe5 25. f5 Be7 26. g4 h6 27. Kh1 Qa5 28.
Rab1 Rd7 29. g5 hxg5 30. Bh3 Na3 31. Rbc1 Rd6 32. Qg4 Rad8 33. Bc5 Rxd3 34.
Bxe7 Rxd1+ 35. Rxd1 Rxd1+ 36. Qxd1 Qxc3 37. Bg2 gxh4 38. Bxh4 Nc4 39. Qd8+ Kh7
40. Qe7 Qc1+ 41. Kh2 Qf4+ 42. Kg1 Nd6 43. Bg5 Qg4 44. Be3 Nxf5 45. exf5 Bd5 46.
Qg5 Qxg5 47. Bxg5 Bxa2 48. Be7 Bb1 49. Bh3 a5 50. Bd6 e4 51. Kf2 Kg8 52. Ke3
Kf7 53. Kd4 g6 54. fxg6+ Kxg6 55. Bc8 b6 56. Bc7 a4 57. Bxb6 a3 58. Ke3 a2 59.
Bd4 c5 60. Bc3 Kf7 1/2-1/2

[Event "Copenhagen GM"]
[Site "Copenhagen"]
[Date "2014.03.29"]
[Round "6"]
[White "Rasmussen, Allan Stig"]
[Black "Georgiev, Vladimir"]
[Result "1/2-1/2"]
[WhiteElo "2487"]
[BlackElo "2553"]
[PlyCount "70"]
[EventDate "2014.03.26"]
[EventType "tourn"]
[EventRounds "9"]
[EventCountry "DEN"]
[EventCategory "9"]
[SourceTitle "CBM 159 Extra"]
[Source "ChessBase"]
[SourceDate "2014.04.24"]

1. Nf3 d5 2. c4 c6 3. e3 Nf6 4. Nc3 a6 5. b3 Bf5 6. Bb2 e6 7. h3 h6 8. d4 Nbd7
9. Bd3 Bd6 10. O-O O-O 11. Re1 b5 12. Bxf5 exf5 13. Qd3 g6 14. a4 bxc4 15. bxc4
Rb8 16. Reb1 Qa5 17. Nd2 Ne4 18. Ncxe4 fxe4 19. Qc2 Bb4 20. Nb3 Qd8 21. Bc3
Bxc3 22. Qxc3 Qf6 23. Na5 Nc5 24. Rxb8 Rxb8 25. Nxc6 Nxa4 26. Qa5 Qxc6 27. cxd5
Qd7 28. Qxa4 Rb1+ 29. Kh2 Qd6+ 30. g3 Qf6 31. Rxb1 Qxf2+ 32. Kh1 Qf3+ 33. Kh2
Qf2+ 34. Kh1 Qf3+ 35. Kh2 Qf2+ 1/2-1/2

[Event "Copenhagen GM"]
[Site "Copenhagen"]
[Date "2014.03.26"]
[Round "1"]
[White "Rasmussen, Allan Stig"]
[Black "Teplyi, Igor"]
[Result "1-0"]
[WhiteElo "2487"]
[BlackElo "2395"]
[PlyCount "99"]
[EventDate "2014.03.26"]
[EventType "tourn"]
[EventRounds "9"]
[EventCountry "DEN"]
[EventCategory "9"]
[SourceTitle "CBM 159 Extra"]
[Source "ChessBase"]
[SourceDate "2014.04.24"]

1. e4 c5 2. Nf3 d6 3. d4 cxd4 4. Nxd4 Nf6 5. Nc3 a6 6. Be3 e5 7. Nb3 Be6 8. h3
Be7 9. f4 exf4 10. Bxf4 Nc6 11. Qe2 Nd7 12. O-O-O Qc7 13. g4 O-O 14. g5 Rfc8
15. h4 Nb4 16. Kb1 Ne5 17. Rg1 Nc4 18. Rg3 b5 19. Nd4 Nc6 20. Nf5 Bf8 21. h5
N6e5 22. Bh3 Re8 23. Qh2 b4 24. Nd5 Bxd5 25. Rxd5 a5 26. Bf1 a4 27. Qf2 Kh8 28.
Qd4 Rac8 29. Qd1 Qb6 30. Bc1 Qf2 31. Rg2 Qa7 32. Qd4 Qb7 33. h6 g6 34. Ne3 Nxe3
35. Bxe3 b3 36. Qxa4 bxa2+ 37. Ka1 Ra8 38. Qd4 Kg8 39. Bc1 Rec8 40. Rf2 Nc6 41.
Qd1 Qe7 42. Qe1 Ne5 43. b3 Rc7 44. Qd1 Nc6 45. Bb2 Ne5 46. Rf6 Qe8 47. Bb5 Qc8
48. c4 Qh3 49. Rfxd6 Bxd6 50. Rxd6 1-0

[Event "Copenhagen GM"]
[Site "Copenhagen"]
[Date "2014.03.28"]
[Round "5"]
[White "Rasmussen, Allan Stig"]
[Black "Ziska, Helgi Dam"]
[Result "0-1"]
[WhiteElo "2487"]
[BlackElo "2484"]
[PlyCount "80"]
[EventDate "2014.03.26"]
[EventType "tourn"]
[EventRounds "9"]
[EventCountry "DEN"]
[EventCategory "9"]
[SourceTitle "CBM 159 Extra"]
[Source "ChessBase"]
[SourceDate "2014.04.24"]

1. e4 c5 2. Nf3 d6 3. d4 cxd4 4. Nxd4 Nf6 5. Nc3 a6 6. h3 e5 7. Nb3 Be7 8. g4
Be6 9. Bg2 Nc6 10. f4 exf4 11. Bxf4 Nd7 12. O-O Nde5 13. Nd5 Bh4 14. Kh1 O-O
15. Qe2 Ng6 16. Bh2 Bxd5 17. exd5 Re8 18. Be4 Nce5 19. Nd4 Nd7 20. Qg2 Bf6 21.
Nf5 Nc5 22. Rae1 Nh4 23. Nxh4 Bxh4 24. Re2 b5 25. c3 Nxe4 26. Rxe4 Rxe4 27.
Qxe4 Ra7 28. Qf4 g6 29. Bg1 Bg5 30. Qg3 Re7 31. Bd4 Re4 32. b3 Qe7 33. Qd3 Re2
34. a4 Rd2 35. Qf3 b4 36. Rf2 bxc3 37. Bxc3 Rxf2 38. Qxf2 Qe4+ 39. Qg2 Qb1+ 40.
Qg1 Qd3 0-1

[Event "Copenhagen GM"]
[Site "Copenhagen"]
[Date "2014.03.30"]
[Round "7"]
[White "Richter, Michael"]
[Black "Aabling Thomsen, Jakob"]
[Result "0-1"]
[WhiteElo "2470"]
[BlackElo "2365"]
[PlyCount "92"]
[EventDate "2014.03.26"]
[EventType "tourn"]
[EventRounds "9"]
[EventCountry "DEN"]
[EventCategory "9"]
[SourceTitle "CBM 159 Extra"]
[Source "ChessBase"]
[SourceDate "2014.04.24"]

1. d4 Nf6 2. c4 g6 3. f3 d5 4. cxd5 Nxd5 5. e4 Nb6 6. Nc3 Bg7 7. Be3 O-O 8. f4
Nc6 9. d5 Nb8 10. a4 a5 11. Nf3 Na6 12. Bxb6 cxb6 13. Bxa6 bxa6 14. O-O Bb7 15.
Rc1 Rc8 16. Ne5 b5 17. Kh1 Qd6 18. axb5 axb5 19. Nxb5 Rxc1 20. Qxc1 Qb4 21. Nc3
f5 22. Re1 Bxe5 23. fxe5 fxe4 24. Qd2 Qc4 25. h3 e3 26. Qxe3 Bxd5 27. Kh2 Bc6
28. Re2 Qf4+ 29. Qxf4 Rxf4 30. Rc2 Rc4 31. Rf2 Rc5 32. Re2 Kf7 33. Kg3 Ke6 34.
Kf4 h6 35. h4 Rc4+ 36. Kg3 h5 37. Nd1 Rg4+ 38. Kh3 Re4 39. Rxe4 Bxe4 40. Ne3
Bd3 41. Kg3 Kxe5 42. Kf3 Kd4 43. Nd1 Be4+ 44. Kf2 Kd3 45. Ne3 a4 46. g3 Bc6 0-1

[Event "Copenhagen GM"]
[Site "Copenhagen"]
[Date "2014.03.27"]
[Round "2"]
[White "Richter, Michael"]
[Black "Mikkelsen, Nikolaj"]
[Result "1/2-1/2"]
[WhiteElo "2470"]
[BlackElo "2423"]
[PlyCount "132"]
[EventDate "2014.03.26"]
[EventType "tourn"]
[EventRounds "9"]
[EventCountry "DEN"]
[EventCategory "9"]
[SourceTitle "CBM 159 Extra"]
[Source "ChessBase"]
[SourceDate "2014.04.24"]

1. d4 Nf6 2. c4 e6 3. Nc3 Bb4 4. f3 O-O 5. a3 Bxc3+ 6. bxc3 Ne8 7. e4 b6 8. Bd3
Ba6 9. Nh3 Nc6 10. e5 Qh4+ 11. Nf2 Na5 12. Qe2 c5 13. g3 Qd8 14. Bb2 d5 15.
cxd5 Bxd3 16. Nxd3 Qxd5 17. O-O Nc7 18. dxc5 bxc5 19. Rad1 Rab8 20. Bc1 Nb5 21.
Qc2 Qc4 22. Bb2 Rfd8 23. a4 Nd4 24. Qf2 Ndb3 25. Qe3 h6 26. g4 Qxa4 27. Nxc5
Nxc5 28. Rxd8+ Rxd8 29. Qxc5 Nb3 30. Qb4 Qa2 31. Qa3 Qxa3 32. Bxa3 Nd2 33. Rf2
Rd3 34. Kg2 a5 35. Bd6 Kh7 36. f4 Ne4 37. Ra2 Rd2+ 38. Rxd2 Nxd2 39. h4 Nc4 40.
h5 a4 41. Kf3 a3 42. Bxa3 Nxa3 43. Ke4 Kg8 44. Kd3 Nb5 45. c4 Nc7 46. Kd4 Na6
47. c5 Kf8 48. Kc4 Ke7 49. c6 Kd8 50. Kb5 Nc7+ 51. Kb6 Kc8 52. Kc5 Ne8 53. g5
Kc7 54. Kb5 Kd8 55. Kb6 Kc8 56. Kc5 Nc7 57. Kd6 Kd8 58. Kc5 Nd5 59. f5 Ke7 60.
f6+ Kf8 61. gxh6 gxf6 62. exf6 Kg8 63. Kd6 Kh7 64. Kd7 Kxh6 65. Ke8 Nxf6+ 66.
Kxf7 Nd5 1/2-1/2

[Event "Copenhagen GM"]
[Site "Copenhagen"]
[Date "2014.03.30"]
[Round "9"]
[White "Richter, Michael"]
[Black "Rasmussen, Allan Stig"]
[Result "1-0"]
[WhiteElo "2470"]
[BlackElo "2487"]
[PlyCount "117"]
[EventDate "2014.03.26"]
[EventType "tourn"]
[EventRounds "9"]
[EventCountry "DEN"]
[EventCategory "9"]
[SourceTitle "CBM 159 Extra"]
[Source "ChessBase"]
[SourceDate "2014.04.24"]

1. d4 Nf6 2. c4 e6 3. Nc3 Bb4 4. f3 d5 5. a3 Be7 6. e4 dxe4 7. fxe4 e5 8. d5 a5
9. Nf3 O-O 10. Bd3 Bc5 11. Bg5 Nbd7 12. Qd2 c6 13. O-O-O Qc7 14. Rhf1 Ne8 15.
g4 Nd6 16. Qe2 Re8 17. Bd2 Bd4 18. Nh4 Nc5 19. Nf5 Bxf5 20. gxf5 f6 21. Rf3 b5
22. dxc6 Bxc3 23. bxc3 Qf7 24. Rg1 Nb3+ 25. Kb2 Nxd2 26. Qxd2 Red8 27. Qg2 bxc4
28. Rg3 Ne8 29. Bc2 Rab8+ 30. Ka2 Rd6 31. Qf2 Rxc6 32. Ba4 Rc7 33. Qd2 Qe7 34.
Rd1 Rcb7 35. Rg2 Kf8 36. Qd5 Qc7 37. Bc6 Qb6 38. Bxb7 Qb3+ 39. Ka1 Rxb7 40.
Qc5+ Kf7 41. Rc1 Rb5 42. Qa7+ Kf8 43. Ra2 Nd6 44. a4 Rb6 45. Qxa5 Nb7 46. Qa8+
Ke7 47. Qg8 Nc5 48. Qxg7+ Ke8 49. Qh8+ Kf7 50. Qxh7+ Kf8 51. Qh8+ Kf7 52. Qh7+
Kf8 53. a5 Rd6 54. Qc7 Nxe4 55. Qc8+ Ke7 56. Qc7+ Kf8 57. a6 Rd2 58. Qc8+ Ke7
59. Qb7+ 1-0

[Event "Copenhagen GM"]
[Site "Copenhagen"]
[Date "2014.03.28"]
[Round "5"]
[White "Richter, Michael"]
[Black "Teplyi, Igor"]
[Result "0-1"]
[WhiteElo "2470"]
[BlackElo "2395"]
[PlyCount "98"]
[EventDate "2014.03.26"]
[EventType "tourn"]
[EventRounds "9"]
[EventCountry "DEN"]
[EventCategory "9"]
[SourceTitle "CBM 159 Extra"]
[Source "ChessBase"]
[SourceDate "2014.04.24"]

1. d4 d5 2. c4 c6 3. Nf3 Nf6 4. Qc2 dxc4 5. e4 b5 6. b3 cxb3 7. axb3 e6 8. Bd2
a5 9. Bd3 Bb7 10. O-O Nbd7 11. Nc3 Bb4 12. Rfe1 h6 13. Rad1 O-O 14. e5 Bxc3 15.
Qxc3 Nd5 16. Qc1 Qe7 17. Be4 c5 18. Bb1 Rfc8 19. Bxh6 cxd4 20. Qd2 Nc3 21. Bg5
Qb4 22. Nxd4 Nxd1 23. Qxd1 Nf8 24. Re2 Rc7 25. h3 Rac8 26. Kh2 Rd7 27. Rd2 Qc5
28. f4 Qc1 29. f5 Rxd4 30. Qxc1 Rxc1 31. Rxd4 Rxb1 32. Rd8 Rb2 33. h4 Rxg2+ 34.
Kh3 Rxg5 35. hxg5 exf5 36. Rb8 Bc6 37. g6 Bd7 38. gxf7+ Kxf7 39. Kg3 Ne6 40.
Rb7 Ke8 41. Kh4 f4 42. Ra7 a4 43. bxa4 bxa4 44. Kg4 g6 45. Kf3 Bc6+ 46. Kg4 f3
47. Kg3 Kd8 48. Rf7 g5 49. Kg4 a3 0-1

[Event "Copenhagen GM"]
[Site "Copenhagen"]
[Date "2014.03.30"]
[Round "9"]
[White "Svane, Rasmus"]
[Black "Aabling Thomsen, Jakob"]
[Result "1/2-1/2"]
[WhiteElo "2477"]
[BlackElo "2365"]
[PlyCount "96"]
[EventDate "2014.03.26"]
[EventType "tourn"]
[EventRounds "9"]
[EventCountry "DEN"]
[EventCategory "9"]
[SourceTitle "CBM 159 Extra"]
[Source "ChessBase"]
[SourceDate "2014.04.24"]

1. Nf3 Nf6 2. c4 g6 3. Nc3 d5 4. cxd5 Nxd5 5. Qb3 Nb6 6. d4 Bg7 7. Bf4 O-O 8.
Rd1 c6 9. e3 a5 10. Be2 Na6 11. a3 Be6 12. Qc2 a4 13. Nd2 c5 14. Bxa6 Rxa6 15.
dxc5 Nd7 16. Nxa4 Bf5 17. e4 Rxa4 18. Qxa4 Nxc5 19. Qc2 Nd3+ 20. Kf1 Nxf4 21.
exf5 Qd5 22. Qe4 Qb5+ 23. Nc4 Rc8 24. Qxf4 Rxc4 25. Qf3 Bd4 26. Qd3 Qxb2 27.
Rd2 Qb5 28. Ke2 Bc3 29. Rc1 Qe5+ 30. Qe3 Re4 31. Rxc3 gxf5 32. Qxe4 Qxe4+ 33.
Re3 Qc4+ 34. Ke1 e6 35. g3 h5 36. Red3 Qe4+ 37. Kd1 Qh1+ 38. Kc2 Qxh2 39. Rd4
Qh1 40. Kb2 Kg7 41. Ka2 Qf3 42. Rf4 Qc3 43. Rb2 Qc6 44. Rfb4 Qd5+ 45. Ka1 Qd1+
46. Ka2 Qd5+ 47. Ka1 Qd1+ 48. Ka2 Qd5+ 1/2-1/2

[Event "Copenhagen GM"]
[Site "Copenhagen"]
[Date "2014.03.27"]
[Round "2"]
[White "Svane, Rasmus"]
[Black "Rasmussen, Allan Stig"]
[Result "1-0"]
[WhiteElo "2477"]
[BlackElo "2487"]
[PlyCount "123"]
[EventDate "2014.03.26"]
[EventType "tourn"]
[EventRounds "9"]
[EventCountry "DEN"]
[EventCategory "9"]
[SourceTitle "CBM 159 Extra"]
[Source "ChessBase"]
[SourceDate "2014.04.24"]

1. c4 Nf6 2. Nf3 c5 3. Nc3 g6 4. e4 Bg7 5. d4 O-O 6. Be2 d6 7. O-O cxd4 8. Nxd4
Nc6 9. Be3 Bd7 10. f3 Qa5 11. Qd2 Rfc8 12. Nb3 Qd8 13. c5 Ne8 14. Rfd1 Na5 15.
Nxa5 Qxa5 16. Nd5 Qxd2 17. Rxd2 Kf8 18. cxd6 exd6 19. Rad1 Be6 20. b3 Bxd5 21.
Rxd5 Rc2 22. R5d2 Rxd2 23. Rxd2 Bc3 24. Rc2 Bb4 25. Bb5 b6 26. Bxe8 Kxe8 27.
Rc7 Bc5 28. Bxc5 bxc5 29. e5 Rd8 30. exd6 Rxd6 31. Rxa7 Rd2 32. h4 h5 33. Kh2
Rc2 34. Kg3 c4 35. bxc4 Rxc4 36. a4 Kf8 37. Kh3 Kg7 38. Ra5 Rb4 39. Ra8 Kf6 40.
Ra7 Kg7 41. a5 Ra4 42. a6 Kf6 43. Ra8 Kf5 44. Kg3 Ra2 45. Ra7 Kf6 46. Kh3 Ra4
47. g4 hxg4+ 48. fxg4 Ra3+ 49. Kg2 Ra4 50. Kf3 Ra3+ 51. Kf2 Ra4 52. g5+ Kg7 53.
Ke3 Kf8 54. Kd3 Kg7 55. Kc3 Rxh4 56. Rb7 Ra4 57. a7 Ra1 58. Kd4 Ra5 59. Kc4 Ra1
60. Kb5 Rb1+ 61. Kc6 Ra1 62. Kc7 1-0

[Event "Copenhagen GM"]
[Site "Copenhagen"]
[Date "2014.03.27"]
[Round "2"]
[White "Teplyi, Igor"]
[Black "Georgiev, Vladimir"]
[Result "0-1"]
[WhiteElo "2395"]
[BlackElo "2553"]
[PlyCount "72"]
[EventDate "2014.03.26"]
[EventType "tourn"]
[EventRounds "9"]
[EventCountry "DEN"]
[EventCategory "9"]
[SourceTitle "CBM 159 Extra"]
[Source "ChessBase"]
[SourceDate "2014.04.24"]

1. d4 d5 2. c4 c6 3. Nf3 Nf6 4. e3 a6 5. b3 Bf5 6. Bd3 e6 7. O-O Bd6 8. Bxf5
exf5 9. Ba3 Bxa3 10. Nxa3 O-O 11. Qc2 Ne4 12. Rac1 Nd7 13. cxd5 cxd5 14. Qc7 b5
15. Nb1 Ndf6 16. Ne5 Ng4 17. Nxg4 fxg4 18. Qxd8 Rfxd8 19. Nc3 Nf6 20. Rc2 h5
21. Rfc1 h4 22. f3 h3 23. gxh3 gxf3 24. Kf2 g6 25. Kxf3 Kg7 26. Nd1 Rh8 27. Nf2
Rae8 28. Rc7 Ne4 29. Nxe4 Rxe4 30. Rf1 Rxh3+ 31. Kg2 Rhxe3 32. Rcxf7+ Kh6 33.
Rd1 Rg4+ 34. Kf2 Rh3 35. Rf3 Rxh2+ 36. Ke3 b4 0-1

[Event "Copenhagen GM"]
[Site "Copenhagen"]
[Date "2014.03.30"]
[Round "9"]
[White "Teplyi, Igor"]
[Black "Hoi, Carsten"]
[Result "1-0"]
[WhiteElo "2395"]
[BlackElo "2396"]
[PlyCount "115"]
[EventDate "2014.03.26"]
[EventType "tourn"]
[EventRounds "9"]
[EventCountry "DEN"]
[EventCategory "9"]
[SourceTitle "CBM 159 Extra"]
[Source "ChessBase"]
[SourceDate "2014.04.24"]

1. Nf3 g6 2. d4 Bg7 3. c4 d6 4. Nc3 Nf6 5. e4 O-O 6. Be2 Bg4 7. Be3 Nc6 8. d5
Bxf3 9. Bxf3 Ne5 10. Be2 c6 11. f4 Ned7 12. O-O a6 13. Kh1 cxd5 14. exd5 Qa5
15. a3 Rfc8 16. b4 Qd8 17. Rc1 a5 18. Qb3 axb4 19. axb4 Qf8 20. Bf3 h5 21. h3
Ra6 22. Nb5 b6 23. Rfe1 Kh7 24. Qd3 Ra2 25. Bd1 Raa8 26. Nd4 Re8 27. Bc2 Kh8
28. Ne6 fxe6 29. dxe6 Nb8 30. Qxg6 Nc6 31. b5 Nb4 32. Bb1 Bh6 33. Bd2 Qg7 34.
Bxb4 Bxf4 35. Rcd1 Qxg6 36. Bxg6 Rg8 37. Be4 Ra4 38. Bc3 Be5 39. Bxe5 dxe5 40.
Bc6 e4 41. Bxe4 Rxc4 42. Bc6 Rb8 43. Ra1 Rf4 44. Ra7 Ng8 45. Re5 h4 46. Rg5 Rd8
47. Rd7 Rb8 48. Kh2 Kh7 49. Bf3 Kh6 50. Rh5+ Kg6 51. Rdd5 Kf6 52. Bg4 Rc8 53.
Rxh4 Rc2 54. Rd8 Kg7 55. Kg3 Rff2 56. Bf3 Nf6 57. Rb8 Nh7 58. Be4 1-0

[Event "Copenhagen GM"]
[Site "Copenhagen"]
[Date "2014.03.30"]
[Round "7"]
[White "Teplyi, Igor"]
[Black "Svane, Rasmus"]
[Result "1/2-1/2"]
[WhiteElo "2395"]
[BlackElo "2477"]
[PlyCount "207"]
[EventDate "2014.03.26"]
[EventType "tourn"]
[EventRounds "9"]
[EventCountry "DEN"]
[EventCategory "9"]
[SourceTitle "CBM 159 Extra"]
[Source "ChessBase"]
[SourceDate "2014.04.24"]

1. Nf3 c5 2. c4 Nf6 3. g3 g6 4. Bg2 Bg7 5. Nc3 d5 6. cxd5 Nxd5 7. Qb3 Nb4 8. a3
Be6 9. Qa4+ Bd7 10. Qb3 Be6 11. Qa4+ Bd7 12. Qd1 N4c6 13. d3 O-O 14. O-O Nd4
15. Nxd4 cxd4 16. Ne4 Bc6 17. Bd2 a5 18. b4 a4 19. Qc2 Na6 20. Rfc1 Rc8 21. Qa2
Qd7 22. Rab1 b5 23. Nc5 Qa7 24. Bh3 Rcd8 25. Qc2 Bd5 26. Nxa6 Qxa6 27. Qc7 e6
28. Qa5 Ra8 29. Qxa6 Rxa6 30. Bg2 Bxg2 31. Kxg2 Rb8 32. Rb2 Be5 33. Rbc2 Kg7
34. Be1 Kf6 35. f4 Bd6 36. Bf2 e5 37. Kf3 Ke6 38. fxe5 Bxe5 39. g4 Kd7 40. h3
Rf6+ 41. Kg2 Rbb6 42. Bg3 Bxg3 43. Kxg3 Rfe6 44. Rc7+ Ke8 45. Rc8+ Ke7 46.
R8c7+ Kf8 47. Rf1 Re3+ 48. Rf3 Rf6 49. Rc8+ Kg7 50. Rxe3 dxe3 51. Re8 Rc6 52.
Re5 Rc3 53. Rxb5 Rxa3 54. Ra5 Ra1 55. b5 Rb1 56. Kf3 a3 57. Rxa3 Rxb5 58. Kxe3
h5 59. d4 Kf6 60. Kf4 hxg4 61. hxg4 Rb1 62. Ra6+ Ke7 63. Ke5 Rg1 64. Ra7+ Ke8
65. Kf4 Rf1+ 66. Ke3 Rg1 67. Kf3 Rf1+ 68. Kg3 Rg1+ 69. Kf4 Rf1+ 70. Kg5 Re1 71.
Kf6 Rf1+ 72. Ke5 Rg1 73. d5 Rxg4 74. Kd6 Kf8 75. Ra8+ Kg7 76. Re8 Rc4 77. Ke5
Rc2 78. e3 Re2 79. Kf4 Rf2+ 80. Ke5 Re2 81. Kd4 f5 82. d6 Kf7 83. Re5 Kf6 84.
Rd5 Ke6 85. Kd3 Re1 86. Kd2 Kxd5 87. d7 Rg1 88. d8=Q+ Ke6 89. Qb6+ Kf7 90. Qc7+
Kf6 91. Qd6+ Kf7 92. Qd5+ Kf6 93. Qd8+ Kf7 94. Qd5+ Kf6 95. Ke2 Rg4 96. Qd6+
Kf7 97. Qe5 Re4 98. Qh8 Rg4 99. Qh7+ Kf6 100. Qg8 Re4 101. Qf8+ Kg5 102. Kf3
Kh5 103. Qf6 Kh6 104. Qf8+ 1/2-1/2

[Event "Copenhagen GM"]
[Site "Copenhagen"]
[Date "2014.03.27"]
[Round "2"]
[White "Ziska, Helgi Dam"]
[Black "Andersen, Mads"]
[Result "1-0"]
[WhiteElo "2484"]
[BlackElo "2497"]
[PlyCount "97"]
[EventDate "2014.03.26"]
[EventType "tourn"]
[EventRounds "9"]
[EventCountry "DEN"]
[EventCategory "9"]
[SourceTitle "CBM 159 Extra"]
[Source "ChessBase"]
[SourceDate "2014.04.24"]

1. e4 e5 2. Nf3 Nc6 3. Bb5 a6 4. Ba4 Nf6 5. d3 d6 6. O-O Be7 7. c3 O-O 8. Re1
b5 9. Bc2 d5 10. d4 Nxe4 11. Nxe5 Nxe5 12. dxe5 f5 13. exf6 Nxf6 14. Qd3 g6 15.
h3 Qd6 16. Bh6 Rf7 17. Qe2 Bd7 18. Nd2 Re8 19. Nf3 Bf8 20. Qd2 Bxh6 21. Rxe8+
Bxe8 22. Qxh6 Re7 23. Qh4 Kg7 24. Qg5 h6 25. Qd2 Bf7 26. a4 c5 27. axb5 axb5
28. b4 Ne4 29. Bxe4 Rxe4 30. Re1 Rxe1+ 31. Nxe1 g5 32. Nd3 c4 33. Ne1 d4 34.
cxd4 Qf4 35. Qxf4 gxf4 36. Kf1 Bh5 37. g4 fxg3 38. fxg3 Kf6 39. Kf2 Ke6 40. Ke3
Bg6 41. Ng2 Bf5 42. g4 Bh7 43. Nf4+ Kf6 44. Nd5+ Kg5 45. Nc3 Kh4 46. Nxb5 Kxh3
47. Kf4 Kg2 48. Nc3 Kf2 49. b5 1-0

[Event "Copenhagen GM"]
[Site "Copenhagen"]
[Date "2014.03.30"]
[Round "8"]
[White "Ziska, Helgi Dam"]
[Black "Svane, Rasmus"]
[Result "1/2-1/2"]
[WhiteElo "2484"]
[BlackElo "2477"]
[PlyCount "60"]
[EventDate "2014.03.26"]
[EventType "tourn"]
[EventRounds "9"]
[EventCountry "DEN"]
[EventCategory "9"]
[SourceTitle "CBM 159 Extra"]
[Source "ChessBase"]
[SourceDate "2014.04.24"]

1. e4 e6 2. d3 d5 3. Nd2 Nf6 4. Ngf3 b6 5. c3 c5 6. e5 Nfd7 7. d4 Be7 8. Bb5 a6
9. Bd3 Nc6 10. Nf1 f6 11. exf6 Bxf6 12. Ne3 O-O 13. Bb1 Qe8 14. O-O Qh5 15. Re1
Be7 16. Nf1 Qf7 17. Qd3 g6 18. Qe2 cxd4 19. Qxe6 Qxe6 20. Rxe6 Rxf3 21. Rxc6
Rf6 22. Rxf6 Bxf6 23. cxd4 Bxd4 24. Bc2 Bb7 25. Be3 Bxb2 26. Rb1 d4 27. Rxb2
dxe3 28. Nxe3 b5 29. a4 Bc6 30. axb5 Bxb5 1/2-1/2

[Event "Copenhagen GM"]
[Site "Copenhagen"]
[Date "2014.03.29"]
[Round "6"]
[White "Ziska, Helgi Dam"]
[Black "Teplyi, Igor"]
[Result "1-0"]
[WhiteElo "2484"]
[BlackElo "2395"]
[PlyCount "89"]
[EventDate "2014.03.26"]
[EventType "tourn"]
[EventRounds "9"]
[EventCountry "DEN"]
[EventCategory "9"]
[SourceTitle "CBM 159 Extra"]
[Source "ChessBase"]
[SourceDate "2014.04.24"]

1. e4 c5 2. Nc3 a6 3. Nge2 d6 4. g3 e5 5. Bg2 g6 6. d3 Bg7 7. Nd5 Nf6 8. Bg5
Nbd7 9. Bh3 Nf8 10. Bxc8 Rxc8 11. f4 exf4 12. O-O Ne6 13. Bxf6 Bxf6 14. Nexf4
Nxf4 15. gxf4 Bxb2 16. Rb1 Bd4+ 17. Kh1 b5 18. c3 Bg7 19. f5 Qh4 20. Rf4 Qh3
21. Rf3 Qh4 22. f6 Bh6 23. Qf1 Qg4 24. Rh3 Bf8 25. Rg3 Qe6 26. a4 b4 27. cxb4
cxb4 28. Rxb4 Bh6 29. Rb1 Bd2 30. Ne7 Rd8 31. Rb7 Kf8 32. Rg2 Be3 33. Rc2 Bg5
34. Nd5 h5 35. Re7 Qg4 36. Rg2 Qh4 37. Rc7 Rb8 38. Rb2 Re8 39. Rbb7 Rh7 40. a5
Qg4 41. Rb6 Ra8 42. h3 Qe6 43. Rbc6 Qe8 44. Nb6 Rd8 45. Rc8 1-0